Câu đố ca dao tục ngữ Việt Nam
Сохранить в:
| Главный автор: | |
|---|---|
| Формат: | |
| Язык: | Undetermined |
| Опубликовано: |
Hà Nội
Thanh niên
2005
|
| Предметы: | |
| Метки: |
Добавить метку
Нет меток, Требуется 1-ая метка записи!
|
| Thư viện lưu trữ: | Trung tâm Học liệu Trường Đại học Cần Thơ |
|---|
| LEADER | 00536nam a2200205Ia 4500 | ||
|---|---|---|---|
| 001 | CTU_101166 | ||
| 008 | 210402s9999 xx 000 0 und d | ||
| 020 | |c 50000 | ||
| 082 | |a 398.209597 | ||
| 082 | |b C125 | ||
| 100 | |a Quế Chi | ||
| 245 | 0 | |a Câu đố ca dao tục ngữ Việt Nam | |
| 245 | 0 | |c Quế Chi | |
| 260 | |a Hà Nội | ||
| 260 | |b Thanh niên | ||
| 260 | |c 2005 | ||
| 650 | |a Folk literature | ||
| 650 | |z Vietnamese | ||
| 904 | |i Trúc | ||
| 980 | |a Trung tâm Học liệu Trường Đại học Cần Thơ | ||